Translate These Random German Words - Statistics

General Stats
  • This quiz has been taken 85 times
  • The average score is 13 of 15
Answer Stats
Word Answer % Correct
Nein No
100%
Hund Dog
99%
Haus House
99%
Ja Yes
99%
Wasser Water
97%
Mutter Mother
96%
Maus Mouse
95%
Vater Father
90%
Bitte Please
88%
Kase Cheese
85%
Zeit Time
84%
Tschuss Bye
77%
Badezimmer Bathroom
68%
Essen Food
68%
Zug Train
67%
No matching quizzes found
Score Distribution
Percent of People with Each Score
Percentile by Number Answered
Your Score History
You have not taken this quiz